An Anthology of Philosophy in Persia. (Record no. 348499)

000 -LEADER
fixed length control field 00526 a2200193 4500
003 - CONTROL NUMBER IDENTIFIER
control field OSt
005 - DATE AND TIME OF LATEST TRANSACTION
control field 20180116182922.0
008 - FIXED-LENGTH DATA ELEMENTS--GENERAL INFORMATION
fixed length control field 160909b xxu||||| |||| 00| 0 eng d
020 ## - INTERNATIONAL STANDARD BOOK NUMBER
International Standard Book Number 969519107x
040 ## - CATALOGING SOURCE
Transcribing agency 0
082 ## - DEWEY DECIMAL CLASSIFICATION NUMBER
Classification number 181.5 NAS 2005
100 ## - MAIN ENTRY--PERSONAL NAME
Personal name Nasr,S.H.
245 ## - TITLE STATEMENT
Title An Anthology of Philosophy in Persia.
Statement of responsibility, etc. S.H.Nasr.
260 ## - PUBLICATION, DISTRIBUTION, ETC.
Place of publication, distribution, etc. Lahore.
Name of publisher, distributor, etc. Suhail Academy.
Date of publication, distribution, etc. 2005.
300 ## - PHYSICAL DESCRIPTION
Extent 434p.
Other physical details HB
440 ## - SERIES STATEMENT/ADDED ENTRY--TITLE
Title An Anthology of Philosophy in Persia.
Volume/sequential designation i
500 ## - GENERAL NOTE
General note Hard cover.
942 ## - ADDED ENTRY ELEMENTS (KOHA)
Institution code [OBSOLETE] NBS
Koha item type Book
Call number prefix 181.5 NAS 2005
Source of classification or shelving scheme
Holdings
Withdrawn status Lost status Source of classification or shelving scheme Damaged status Not for loan Permanent Location Current Location Date acquired Full call number Barcode Date last seen Price effective from Koha item type
          Central Library (CL) Central Library (CL) 08/28/2013 181.5 NAS NBSD-1693 08/28/2013 08/28/2013 Book
© 2023 Central Library, National University of Sciences and Technology. All Rights Reserved.